000 00557nam a2200229Ia 4500
003 OSt
005 20220924141459.0
006 a|||||r|||| 00| 0
007 ta
008 220923b |||||||| |||| 00| 0 ben d
024 _a298345
037 _cTextual
040 _aARTS
_cARTS
_bben
041 _2ben
_aben
082 _aO157,6M20:g, M3
100 _aBasu
_9154812
245 0 _aSamakale Vidyasagar
260 _c1993
650 _aBENGALI LITERATURE
942 _hO157,6M20:g, M3
_cTEXL
_2CC
999 _c447369
_d447369